| Поле | Инд. | ПП | Название | Значение |
|---|---|---|---|---|
| Тип записи | a | |||
| Библиографический уровень | m | |||
| 001 | Контрольный номер | RU/IS/BASE/312549343 | ||
| 005 | Дата корректировки | 20140703182238.9 | ||
| 040 | a | Служба первич. каталог. | НБ ТвГУ | |
| b | Код языка каталог. | rus | ||
| e | Правила каталог. | PSBO | ||
| 041 | 0_ | a | Код языка текста | rus |
| 080 | a | Индекс УДК | 51 | |
| 080 | a | Индекс УДК | 517.956.223 | |
| 084 | a | Индекс другой классификации/Индекс ББК | В1я54 | |
| a | Индекс другой классификации/Индекс ББК | В161.626 | ||
| 090 | a | Полочн. индекс | В1я54 | |
| x | Авторский знак | С 56 | ||
| 245 | 10 | a | Заглавие | Современная математика. Фундаментальные направления |
| n | Номер части/ раздела | Т. 33, 2009 | ||
| p | Название части/ раздела | Уравнения в частных производных | ||
| 246 | _0 | a | Другая форма заглавия | Фундаментальные направления |
| 260 | a | Место издания | Москва | |
| b | Издательство | Российский университет дружбы народов | ||
| c | Дата издания | 2009 | ||
| 300 | a | Объем | 179 с. | |
| 440 | _0 | a | Серия | Современная математика. Фундаментальные направления |
| 440 | _0 | a | Серия | Фундаментальные направления |
| 504 | a | Библиография | Библиогр.: с. 173-177 | |
| 504 | a | Библиография | Предм. указ.: с. 178-179 | |
| 650 | a | Основная рубрика | Математика | |
| 650 | 14 | a | Основная рубрика | Математический анализ |
| 650 | 14 | a | Основная рубрика | Дифференциальные уравнения с частными производными |
| 650 | 14 | a | Основная рубрика | Эллиптические дифференциальные уравнения |
| x | Основная подрубрика | Краевые задачи | ||
| 653 | a | Ключевые слова | Дифференциальные уравнения с частными производными | |
| a | Ключевые слова | Краевые задачи | ||
| a | Ключевые слова | Математика | ||
| a | Ключевые слова | Математический анализ | ||
| a | Ключевые слова | Нелокальные краевые задачи | ||
| a | Ключевые слова | Нелокальные эллиптические задачи | ||
| a | Ключевые слова | Уравнения с частными производными | ||
| a | Ключевые слова | Эллиптические краевые задачи | ||
| a | Ключевые слова | Эллиптические уравнения | ||
| 700 | a | Другие авторы | Скубачевский Алексей Леонидович | |
| q | Полное имя | Скубачевский, А. Л. | ||
| t | Заглавие произведения | Неклассические краевые задачи. II | ||
| 700 | 1_ | a | Другие авторы | Гамкрелидзе Реваз Валерьянович |
| q | Полное имя | Гамкрелидзе, Р. В. | ||
| 920 | a | Оператор | Густ | |
| 952 | c | Вид литературы | К рн | |
| 954 | a | Дата поступления на обработку | 20091209 |